| 000 | 01065nas a2200337 4500 | ||
|---|---|---|---|
| 001 | BR2016000409 | ||
| 003 | BR-BrBNA | ||
| 005 | 20231205130047.0 | ||
| 007 | ta | ||
| 008 | 230509b bl.|||p| |||| 00| 00por d | ||
| 040 |
_aBR-BrBNA _bpor _cBiblioteca Nacional de Agricultura |
||
| 041 | _a(Pt) | ||
| 072 | _aF02; F01 | ||
| 100 | 1 | _aPortella, C.R. | |
| 100 | 1 | _aMarinho, C.S. | |
| 100 | 1 | _aAmaral, B.D. | |
| 100 | 1 | _aCarvalho, W.S.G. | |
| 100 | 1 | _aCampos, G.S. | |
| 100 | 1 | _aSilva, M.P.S. da | |
| 100 | 1 | _aSousa, M.C. de | |
| 245 | 1 | _aDesempenho de cultivares de citros enxertadas sobre o trifoliateiro Flying Dragon e limoeiro Cravo em fase de formação do pomar | |
| 650 | _aLARANJA | ||
| 650 | _aLIMÃO | ||
| 650 | _aPORTA ENXERTO | ||
| 650 | _aPOMAR | ||
| 650 | _aPRÁTICA CULTURAL | ||
| 773 | 0 |
_tBragantia (Brazil) _xISSN 1678-4499 _g(Jan-Mar 2016), v. 75(1) p. 70-75 _wBR2016000409 |
|
| 856 | 4 | 0 | _uhttp://www.scielo.br/pdf/brag/v75n1/0006-8705-brag-1678-4499267.pdf |
| 909 |
_a202311 _bLúcia _c55 _dLúcia Elande |
||
| 942 |
_2AGRIS _n0 _cANA |
||
| 999 |
_c247699 _d247699 |
||